[Event "Kiev Spring op"]
[Site "Kiev"]
[Date "2023.03.27"]
[Round "3"]
[White "Starozhilov, Leonid"]
[Black "Malienko, Alexander"]
[Result "1-0"]
[WhiteElo "2293"]
[BlackElo "1996"]
[PlyCount "121"]
[EventDate "2023.03.25"]
[EventType "swiss"]
[EventRounds "9"]
[EventCountry "UKR"]
[SourceTitle "EXT 2024"]
[Source "ChessBase"]
[SourceDate "2023.10.10"]
[SourceVersion "1"]
[SourceVersionDate "2023.10.10"]
[SourceQuality "1"]

1. e4 e5 2. Nf3 Nc6 3. Bc4 Bc5 4. d3 Nf6 5. 0-0 d6 6. c3 Qe7 7. b4 Bb6 8. Nbd2 Nh5 9. a4 a5 10. b5 Nb8 11. d4 Nf4 12. Be2 Qf6 13. Nc4 Nd7 14. Bxf4 Qxf4 15. Bd3 0-0 16. Re1 Ba7 17. Qc1 Qf6 18. Qb2 g5 19. Ne3 Nb6 20. Nd2 Be6 21. d5 Bd7 22. Ndf1 Nc8 23. Ng3 Ne7 24. Qe2 Kh8 25. Nef5 Rae8 26. Nh5 Qg6 27. Nxe7 Rxe7 28. g4 Be8 29. Ng3 Bd7 30. Kg2 Qh6 31. h3 Rg8 32. Rh1 c6 33. bxc6 bxc6 34. dxc6 Bc8 35. Bc4 Rc7 36. Bd5 Be6 37. Rab1 Bc8 38. Rb2 Qf6 39. Rhb1 Qd8 40. Qf3 Rg6 41. Nh5 Rh6 42. Ng3 Rf6 43. Nf5 Qe8 44. Rb5 Ba6 45. Rxa5 Qc8 46. Rb7 Bxb7 47. cxb7 Qb8 48. Qd3 Rc5 49. Qa6 Rxa5 50. Qxa5 h6 51. Qa6 Kh7 52. Qc6 Rxf5 53. exf5 Qf8 54. Qd7 Kg7 55. a5 Kf6 56. a6 Kg7 57. Kf3 Kf6 58. Ke4 Kg7 59. f3 Kf6 60. b8R Bxb8 61. a7 1-0

[Event "Kiev Spring op"]
[Site "Kiev"]
[Date "2023.03.25"]
[Round "1"]
[White "Malienko, Alexander"]
[Black "Volosiuk, Mykhailo"]
[Result "1-0"]
[WhiteElo "1996"]
[BlackElo "1327"]
[PlyCount "57"]
[EventDate "2023.03.25"]
[EventType "swiss"]
[EventRounds "9"]
[EventCountry "UKR"]
[SourceTitle "EXT 2024"]
[Source "ChessBase"]
[SourceDate "2023.10.10"]
[SourceVersion "1"]
[SourceVersionDate "2023.10.10"]
[SourceQuality "1"]

1. e4 c5 2. Nf3 Nc6 3. d4 cxd4 4. Nxd4 Nf6 5. Nc3 e5 6. Ndb5 d6 7. Nd5 Nxd5 8. exd5 Nb8 9. c4 Be7 10. Be3 a6 11. Nc3 0-0 12. Qb3 Nd7 13. Be2 Qc7 14. 0-0 Nc5 15. Qc2 g6 16. b4 Bf5 17. Qd2 Ne4 18. Nxe4 Bxe4 19. Bh6 Rfe8 20. g4 g5 21. Bxg5 Bg6 22. h4 f6 23. Be3 f5 24. h5 Bf7 25. gxf5 Kh8 26. Kh1 Qd7 27. Qd3 e4 28. Bd4+ Kg8 29. Qg3+ 1-0

[Event "Kiev Spring op"]
[Site "Kiev"]
[Date "2021.07.17"]
[Round "9"]
[White "Malienko, Alexander"]
[Black "Bodnaruk, Kseniya"]
[Result "1-0"]
[WhiteElo "2076"]
[BlackElo "1839"]
[PlyCount "89"]
[EventDate "2021.07.10"]
[EventType "swiss"]
[EventRounds "9"]
[EventCountry "UKR"]
[SourceTitle "EXT 2024"]
[Source "ChessBase"]
[SourceDate "2023.10.10"]
[SourceVersion "1"]
[SourceVersionDate "2023.10.10"]
[SourceQuality "1"]

1. e4 c5 2. Nf3 Nc6 3. d4 cxd4 4. Nxd4 Nf6 5. Nc3 d6 6. Bc4 e6 7. Be3 Be7 8. Qe2 a6 9. 0-0-0 Nxd4 10. Bxd4 b5 11. Bb3 Bb7 12. f3 0-0 13. Kb1 b4 14. Na4 Nd7 15. Qf2 Bc6 16. Nb6 Rb8 17. Nc4 Qc7 18. Ne3 Nf6 19. Qg3 Nh5 20. Qh3 Nf4 21. Qg4 Ng6 22. h4 Ne5 23. Qg3 Bf6 24. h5 Kh8 25. h6 g6 26. f4 Nd7 27. e5 dxe5 28. fxe5 Bxe5 29. Ng4 f6 30. Nxe5 Nxe5 31. Bc5 Rfd8 32. Qf4 Rxd1+ 33. Rxd1 Qf7 34. Rf1 Nd7 35. Qc7 Bb5 36. Rd1 Qe8 37. a4 Rc8 38. Qf4 Qf7 39. Bxb4 Bc6 40. Bc3 Rf8 41. Qd6 Nb8 42. Bxe6 Qe8 43. Rf1 Bxa4 44. Rxf6 Bxc2+ 45. Kc1 1-0

[Event "Kiev Spring op"]
[Site "Kiev"]
[Date "2021.07.16"]
[Round "8"]
[White "Malienko, Alexander"]
[Black "Darda, Roman"]
[Result "0-1"]
[WhiteElo "2076"]
[BlackElo "1915"]
[PlyCount "92"]
[EventDate "2021.07.10"]
[EventType "swiss"]
[EventRounds "9"]
[EventCountry "UKR"]
[SourceTitle "EXT 2024"]
[Source "ChessBase"]
[SourceDate "2023.10.10"]
[SourceVersion "1"]
[SourceVersionDate "2023.10.10"]
[SourceQuality "1"]

1. e4 g6 2. d4 Bg7 3. f4 d6 4. Nf3 a6 5. Bd3 Nd7 6. c4 e5 7. fxe5 dxe5 8. d5 Qe7 9. 0-0 Ngf6 10. Nc3 0-0 11. Kh1 Nh5 12. Bg5 Qd6 13. Rb1 f5 14. exf5 h6 15. Ne4 Qb6 16. c5 Qa5 17. Bd2 Qxa2 18. Qc2 b5 19. Ra1 Qxd5 20. fxg6 Bb7 21. Rac1 Bc6 22. Rfd1 Qe6 23. b4 Nf4 24. Bxf4 Rxf4 25. Qe2 Nf6 26. Nfd2 Nd5 27. Bc2 Nxb4 28. Bb3 Bd5 29. Bxd5 Qxd5 30. Rc3 Rd8 31. Rb1 Nd3 32. h3 Rxe4 33. Nxe4 Qxe4 34. Qxe4 Nf2+ 35. Kh2 Nxe4 36. Rc2 c6 37. Ra1 Ra8 38. Kg1 a5 39. Re1 Ng5 40. Rd1 Ne6 41. Rd7 Bf8 42. Kh1 Bxc5 43. g4 a4 44. h4 a3 45. Ra2 b4 46. g5 h5 0-1

[Event "Kiev Spring op"]
[Site "Kiev"]
[Date "2021.07.14"]
[Round "6"]
[White "Malienko, Alexander"]
[Black "Manko, Mariya"]
[Result "0-1"]
[WhiteElo "2076"]
[BlackElo "1864"]
[PlyCount "116"]
[EventDate "2021.07.10"]
[EventType "swiss"]
[EventRounds "9"]
[EventCountry "UKR"]
[SourceTitle "EXT 2024"]
[Source "ChessBase"]
[SourceDate "2023.10.10"]
[SourceVersion "1"]
[SourceVersionDate "2023.10.10"]
[SourceQuality "1"]

1. e4 c5 2. Nf3 a6 3. Nc3 g6 4. d4 cxd4 5. Qxd4 Nf6 6. e5 Nc6 7. Qh4 Ng8 8. Be3 Bg7 9. 0-0-0 b5 10. Nd5 Rb8 11. Qf4 e6 12. Ng5 Nh6 13. Nf6+ Bxf6 14. exf6 Nf5 15. Ne4 e5 16. Qf3 Qa5 17. g4 d5 18. Rxd5 Qxa2 19. gxf5 Qxd5 20. Bc5 Nd4 21. Nd6+ Qxd6 22. Bxd6 Nxf3 23. Bxb8 Bxf5 24. Bg2 Nd4 25. Bxe5 Nxc2 26. Bc6+ Kd8 27. Bb7 Kd7 28. Rd1+ Ke6 29. Bc3 b4 30. Bd5+ Kd6 31. Bb3+ Kc6 32. Be5 Rc8 33. Rd6+ Kb5 34. Kd2 a5 35. Bxf7 a4 36. Be6 Bxe6 37. Rxe6 a3 38. bxa3 Nxa3 39. Bd4 Rd8 40. Kd3 Nc2 41. Re4 Nxd4 42. Rxd4 Rf8 43. Rd6 Kc5 44. Ra6 Rd8+ 45. Ke4 Re8+ 46. Kf4 b3 47. Ra7 Rb8 48. Ra1 h6 49. h4 Kd5 50. h5 b2 51. Rb1 Ke6 52. hxg6 Kxf6 53. Kg4 Kxg6 54. f4 Rb4 55. Kf3 Kf5 56. Ke3 h5 57. Kd3 h4 58. Kc3 Rb8 0-1

[Event "Kiev Spring op"]
[Site "Kiev"]
[Date "2021.07.12"]
[Round "3"]
[White "Holota, Maksym"]
[Black "Malienko, Alexander"]
[Result "0-1"]
[WhiteElo "1626"]
[BlackElo "2076"]
[PlyCount "52"]
[EventDate "2021.07.10"]
[EventType "swiss"]
[EventRounds "9"]
[EventCountry "UKR"]
[SourceTitle "EXT 2024"]
[Source "ChessBase"]
[SourceDate "2023.10.10"]
[SourceVersion "1"]
[SourceVersionDate "2023.10.10"]
[SourceQuality "1"]

1. e4 e5 2. Nf3 Nc6 3. Bc4 Bc5 4. b4 Bxb4 5. c3 Be7 6. d4 Na5 7. Bd3 exd4 8. cxd4 Nf6 9. 0-0 d5 10. e5 Ne4 11. Qa4+ Nc6 12. Be3 0-0 13. Nfd2 Nb4 14. Bxe4 dxe4 15. Nxe4 Bd7 16. Qd1 Bb5 17. Qg4 Bxf1 18. Bh6 g6 19. a3 Nc2 20. Ra2 Bd3 21. Nbc3 Re8 22. Rxc2 Bxc2 23. Ng5 Bf5 24. Qf4 Bxg5 25. Bxg5 f6 26. Bxf6 Qxf6 0-1

[Event "Kiev Slavjanskoe bratstvo"]
[Site "Kiev"]
[Date "2010.08.25"]
[Round "4"]
[White "Dovzhenko, Alexander"]
[Black "Malienko, Alexander"]
[Result "0-1"]
[WhiteElo "1965"]
[BlackElo "2184"]
[PlyCount "66"]
[EventDate "2010.06.22"]
[EventType "swiss"]
[EventRounds "9"]
[EventCountry "UKR"]
[SourceTitle "EXT 2011"]
[Source "ChessBase"]
[SourceDate "2010.11.26"]
[SourceVersion "1"]
[SourceVersionDate "2010.11.26"]
[SourceQuality "1"]

1. e4 e5 2. Nc3 Bc5 3. g3 d6 4. Bg2 h5 5. Na4 h4 6. Nxc5 dxc5 7. d3 Nc6 8. Be3 Qd6 9. c3 Be6 10. Qc2 0-0-0 11. 0-0-0 Nge7 12. f4 f5 13. Ne2 hxg3 14. hxg3 Rxh1 15. Bxh1 Kb8 16. fxe5 Nxe5 17. d4 Ng4 18. Bf4 Qa6 19. d5 Nf2 20. Rf1 Nd3+ 21. Kb1 Nxf4 22. gxf4 Bd7 23. c4 fxe4 24. Bxe4 Nc8 25. b3 Qf6 26. Bg6 Nd6 27. Ng3 Rh8 28. f5 Qe5 29. Qf2 Rh3 30. Rg1 b5 31. cxb5 Nxb5 32. a4 Nc3+ 33. Kc1 Rxg3 0-1

[Event "Kiev Slavjanskoe bratstvo"]
[Site "Kiev"]
[Date "2010.08.24"]
[Round "3"]
[White "Malienko, Alexander"]
[Black "Burdalev, Kirill"]
[Result "1/2-1/2"]
[WhiteElo "2184"]
[BlackElo "2279"]
[PlyCount "33"]
[EventDate "2010.06.22"]
[EventType "swiss"]
[EventRounds "9"]
[EventCountry "UKR"]
[SourceTitle "EXT 2011"]
[Source "ChessBase"]
[SourceDate "2010.11.26"]
[SourceVersion "1"]
[SourceVersionDate "2010.11.26"]
[SourceQuality "1"]

1. e4 e6 2. f4 d5 3. e5 c5 4. Nf3 Nc6 5. c3 Nh6 6. Na3 Qb6 7. Nc2 Bd7 8. Be2 c4 9. d4 cxd3 10. Bxd3 a5 11. Qe2 Bc5 12. a3 a4 13. Ncd4 Bxd4 14. Nxd4 Nxd4 15. cxd4 Nf5 16. Bxf5 exf5 17. Be3 1/2-1/2

[Event "Myrhorod op"]
[Site "Myrhorod"]
[Date "2010.07.13"]
[Round "7"]
[White "Golubka, Petr"]
[Black "Malienko, Alexander"]
[Result "1-0"]
[WhiteElo "2362"]
[BlackElo "2184"]
[PlyCount "81"]
[EventDate "2010.07.09"]
[EventType "swiss"]
[EventRounds "9"]
[EventCountry "UKR"]
[SourceTitle "CBM 137 Extra"]
[Source "ChessBase"]
[SourceDate "2010.09.01"]
[SourceVersion "1"]
[SourceVersionDate "2010.09.01"]
[SourceQuality "1"]

1. c4 Nf6 2. Nc3 e5 3. Nf3 Nc6 4. e3 Be7 5. a3 0-0 6. Qc2 a5 7. Be2 Re8 8. 0-0 Bc5 9. Rd1 d6 10. d4 Ba7 11. h3 e4 12. Nd2 Bf5 13. Nf1 h5 14. Rb1 Bg6 15. b4 axb4 16. axb4 Bxd4 17. b5 Bxc3 18. bxc6 Be5 19. cxb7 Rb8 20. c5 Nh7 21. cxd6 cxd6 22. Ng3 Qh4 23. Ba3 Qe7 24. Qc6 h4 25. Nf1 Red8 26. Nd2 Nf6 27. Nc4 Ne8 28. Nxe5 Qxe5 29. Rb5 Qe7 30. Rb6 Rd7 31. Ba6 Rc7 32. Qd5 Rd7 33. Rc1 Nc7 34. Qxd6 Qd8 35. Rxc7 Rxd6 36. Bxd6 Bf5 37. Rbc6 Kh7 38. Rxf7 Bd7 39. Rc7 Bf5 40. Rxg7+ Kh8 41. Be5 1-0

[Event "Myrhorod op"]
[Site "Myrhorod"]
[Date "2010.07.10"]
[Round "3"]
[White "Malienko, Alexander"]
[Black "Dumansky, Yaroslav"]
[Result "1-0"]
[WhiteElo "2184"]
[BlackElo "2374"]
[PlyCount "131"]
[EventDate "2010.07.09"]
[EventType "swiss"]
[EventRounds "9"]
[EventCountry "UKR"]
[SourceTitle "CBM 137 Extra"]
[Source "ChessBase"]
[SourceDate "2010.09.01"]
[SourceVersion "1"]
[SourceVersionDate "2010.09.01"]
[SourceQuality "1"]

1. e4 c5 2. Nf3 d6 3. d4 cxd4 4. Nxd4 Nf6 5. Nc3 g6 6. Be3 Bg7 7. f3 0-0 8. Qd2 Nc6 9. g4 Bxg4 10. fxg4 Nxg4 11. Nb3 a5 12. a4 Nb4 13. 0-0-0 Rc8 14. Nd4 Qb6 15. Bb5 Qc5 16. Rdg1 Na2+ 17. Kb1 Nxc3+ 18. bxc3 Nxe3 19. Qxe3 Qxc3 20. Qxc3 Rxc3 21. Nb3 Rfc8 22. Bd3 b6 23. Rg2 Bf6 24. Ba6 R8c7 25. Bd3 Kg7 26. Ka2 h5 27. Rb1 h4 28. Nd2 R7c6 29. Nf3 R3c5 30. Rg4 Rh5 31. h3 Kh6 32. Rbg1 Rhc5 33. Nxh4 Rxc2+ 34. Bxc2 Rxc2+ 35. Kb1 Rb2+ 36. Kc1 Ra2 37. Nf3 Rxa4 38. e5 Ra1+ 39. Kc2 Rxg1 40. Rxg1 dxe5 41. Kd3 Bg7 42. Re1 f6 43. Kc4 g5 44. Kb5 Kh5 45. Kxb6 a4 46. Re4 f5 47. Rxa4 e4 48. Ng1 e3 49. Kc5 f4 50. Kd5 Kh4 51. Ke4 Kg3 52. Ra2 Bf6 53. Rc2 e6 54. Ra2 Bc3 55. Nf3 g4 56. hxg4 Kxg4 57. Ng1 e5 58. Rg2+ Kh4 59. Kf5 Be1 60. Rg4+ Kh5 61. Nf3 Bg3 62. Rg8 Kh6 63. Kf6 Kh7 64. Rg7+ Kh6 65. Ng5 Kh5 66. Kf5 1-0

[Event "Myrhorod op"]
[Site "Myrhorod"]
[Date "2010.07.09"]
[Round "2"]
[White "Anatskiy, Alexey"]
[Black "Malienko, Alexander"]
[Result "0-1"]
[WhiteElo "1981"]
[BlackElo "2184"]
[PlyCount "132"]
[EventDate "2010.07.09"]
[EventType "swiss"]
[EventRounds "9"]
[EventCountry "UKR"]
[SourceTitle "CBM 137 Extra"]
[Source "ChessBase"]
[SourceDate "2010.09.01"]
[SourceVersion "1"]
[SourceVersionDate "2010.09.01"]
[SourceQuality "1"]

1. d4 Nf6 2. Bg5 Ne4 3. Bf4 c5 4. f3 Nf6 5. Nc3 Qb6 6. Na4 Qa5+ 7. c3 cxd4 8. b4 Qf5 9. Bxb8 Rxb8 10. Qxd4 b6 11. e4 Qf4 12. Nh3 Qc7 13. e5 Ng8 14. Bd3 e6 15. 0-0 f5 16. exf6 Nxf6 17. Rac1 Bd6 18. f4 0-0 19. Nb2 b5 20. Ng5 Bb7 21. Rcd1 Qc6 22. Rd2 Bc7 23. Kh1 h6 24. Nh3 Bb6 25. Qe5 Ng4 26. Qxb5 Qxc3 27. Rc2 Qd4 28. Nd1 Bd5 29. Rd2 Kh8 30. a4 Ne3 31. Nxe3 Qxe3 32. Re2 Qd4 33. Rd1 Rbc8 34. Red2 Bc6 35. Qh5 Rf6 36. Bb5 Qxb4 37. Bxc6 dxc6 38. Rd7 Qf8 39. Qg4 c5 40. a5 Bxa5 41. Rxa7 Bc3 42. Rdd7 Rf5 43. Qg6 Rb8 44. g4 Rd5 45. g5 Rxd7 46. Rxd7 Qe8 47. Qxe8+ Rxe8 48. gxh6 gxh6 49. Nf2 Bd4 50. Ne4 Rg8 51. h3 Rg1+ 52. Kh2 Re1 53. Nd6 Bg7 54. Rc7 Rc1 55. Nf7+ Kg8 56. Nd6 e5 57. f5 Bf8 58. Ne4 Bg7 59. f6 Bf8 60. Rc8 Rd1 61. Nxc5 Rc1 62. f7+ Kxf7 63. Rc7+ Kg6 64. Ne6 Rxc7 65. Nxc7 e4 66. Nd5 Bd6+ 0-1

[Event "Kiev-ch"]
[Site "Kiev"]
[Date "2010.03.15"]
[Round "9"]
[White "Burdalev, Kirill"]
[Black "Malienko, Alexander"]
[Result "1-0"]
[WhiteElo "2254"]
[BlackElo "2179"]
[PlyCount "119"]
[EventDate "2010.03.04"]
[EventType "swiss"]
[EventRounds "9"]
[EventCountry "UKR"]
[SourceTitle "CBM 135 Extra"]
[Source "ChessBase"]
[SourceDate "2010.05.04"]
[SourceVersion "1"]
[SourceVersionDate "2010.05.04"]
[SourceQuality "1"]

1. d4 Nf6 2. c4 e5 3. dxe5 Ng4 4. Nf3 Bc5 5. e3 Nc6 6. Nc3 0-0 7. Bd3 Re8 8. Qc2 h6 9. a3 Ngxe5 10. Nxe5 Nxe5 11. Be2 c6 12. b4 Bf8 13. 0-0 d6 14. e4 Qh4 15. f3 a5 16. Rb1 axb4 17. axb4 g6 18. Na4 Be6 19. Nb6 Rad8 20. f4 Nd7 21. Nxd7 Bxd7 22. Bb2 Bg7 23. Bxg7 Kxg7 24. c5 Qe7 25. Bf3 Bc8 26. Qc3+ Kg8 27. g3 dxc5 28. bxc5 Qe6 29. Rbd1 Qa2 30. Rd6 Rxd6 31. cxd6 Qe6 32. Rd1 f6 33. Qd4 Rd8 34. Be2 b5 35. e5 fxe5 36. fxe5 Bd7 37. Qc5 Kg7 38. Bf3 Rf8 39. Rd3 h5 40. Qd4 Rc8 41. Rc3 b4 42. Rc5 b3 43. Be2 Rb8 44. Qb2 Kh7 45. Ra5 Rb7 46. Ra8 c5 47. Bf3 Rb6 48. Be4 Rb4 49. Qe2 Kg7 50. Qf2 Qf7 51. Qxf7+ Kxf7 52. Bd5+ Kg7 53. Bxb3 Rxb3 54. Ra7 Re3 55. Rxd7+ Kf8 56. Re7 c4 57. Kf2 Rd3 58. Rc7 Rd5 59. Rxc4 Rxe5 60. Rc8+ 1-0

[Event "Kiev-ch"]
[Site "Kiev"]
[Date "2010.03.14"]
[Round "8"]
[White "Malienko, Alexander"]
[Black "Zakharchenko, Arnold"]
[Result "1-0"]
[WhiteElo "2179"]
[BlackElo "2190"]
[PlyCount "111"]
[EventDate "2010.03.04"]
[EventType "swiss"]
[EventRounds "9"]
[EventCountry "UKR"]
[SourceTitle "CBM 135 Extra"]
[Source "ChessBase"]
[SourceDate "2010.05.04"]
[SourceVersion "1"]
[SourceVersionDate "2010.05.04"]
[SourceQuality "1"]

1. e4 e6 2. f4 d5 3. e5 c5 4. c3 Nc6 5. Nf3 Nh6 6. Na3 f6 7. Nc2 fxe5 8. fxe5 Nxe5 9. Nxe5 Qh4+ 10. g3 Qe4+ 11. Qe2 Qxh1 12. Qb5+ Kd8 13. d3 Qxh2 14. Bg5+ Be7 15. Bxe7+ Kxe7 16. 0-0-0 Qxg3 17. Qxc5+ Ke8 18. d4 Qg5+ 19. Kb1 Qe7 20. Qb5+ Kf8 21. Bd3 Nf5 22. Bxf5 exf5 23. Qxd5 Be6 24. Qh1 Kg8 25. Re1 Rd8 26. c4 Qc7 27. d5 Bd7 28. Qh4 Re8 29. Qd4 Qd6 30. c5 Qf6 31. c6 bxc6 32. dxc6 Bc8 33. Nb4 f4 34. Nd5 Bf5+ 35. Ka1 Qxc6 36. Rg1 Qe6 37. Nd3 Bg6 38. N5xf4 Qe3 39. Qd5+ Bf7 40. Qg5 Qd4 41. Nc5 h6 42. Qg2 Kh7 43. Nce6 Rxe6 44. Nxe6 Qxg1+ 45. Qxg1 Bxe6 46. Qxa7 Rf8 47. b4 h5 48. Kb2 h4 49. Qe7 Rf6 50. Qc7 h3 51. Kc3 Rf2 52. Qe5 Bg4 53. Qe4+ g6 54. b5 Bf5 55. Qh4+ Kg7 56. b6 1-0

[Event "Kiev Independence Cup-A 9th"]
[Site "Kiev"]
[Date "2009.08.22"]
[Round "10"]
[White "Grinev, Valeriy"]
[Black "Malienko, Alexander"]
[Result "1-0"]
[WhiteElo "2335"]
[BlackElo "2199"]
[PlyCount "53"]
[EventDate "2009.08.13"]
[EventType "swiss"]
[EventRounds "11"]
[EventCountry "UKR"]
[SourceTitle "CBM 131 Extra"]
[Source "ChessBase"]
[SourceDate "2009.09.03"]
[SourceVersion "2"]
[SourceVersionDate "2009.09.16"]
[SourceQuality "1"]

1. d4 Nf6 2. c4 e5 3. dxe5 Ng4 4. Nf3 Bc5 5. e3 Nc6 6. Nc3 0-0 7. Be2 Ngxe5 8. Nxe5 Nxe5 9. 0-0 Re8 10. Bd2 a5 11. Nd5 d6 12. b3 Bd7 13. a3 c6 14. Nc3 Qh4 15. Na4 Ba7 16. Bc3 Bg4 17. Bxe5 Bxe2 18. Qxe2 Rxe5 19. Rad1 Rae8 20. Rd3 R8e6 21. Rfd1 Qe7 22. Qd2 Bb8 23. c5 d5 24. Qxa5 Qh4 25. g3 Qh3 26. f4 Re4 27. Nc3 1-0

[Event "Kiev-ch"]
[Site "Kiev"]
[Date "2009.01.29"]
[Round "10"]
[White "Kruglyakov, Pavlo"]
[Black "Malienko, Alexander"]
[Result "1-0"]
[WhiteElo "2252"]
[BlackElo "2189"]
[PlyCount "63"]
[EventDate "2009.01.17"]
[EventType "swiss"]
[EventRounds "11"]
[EventCountry "UKR"]
[SourceTitle "CBM 128 Extra"]
[Source "ChessBase"]
[SourceDate "2009.03.05"]
[SourceVersion "2"]
[SourceVersionDate "2009.03.25"]
[SourceQuality "1"]

1. d4 Nf6 2. c4 e6 3. Nc3 Bb4 4. Qc2 c5 5. dxc5 Nc6 6. Nf3 0-0 7. Bg5 Bxc5 8. Rd1 h6 9. Bh4 g5 10. Bg3 d5 11. e3 Qa5 12. Nd2 d4 13. Nb3 Qb6 14. exd4 Nxd4 15. Nxd4 Bxd4 16. Bd3 e5 17. 0-0 Nh5 18. Nb5 Nxg3 19. hxg3 Bc5 20. Bf5 a6 21. Nc3 Be6 22. Na4 Bxf5 23. Qxf5 Qc6 24. Nxc5 Qxc5 25. Rd5 Qxc4 26. Rd6 Qc8 27. Qxe5 Re8 28. Qa5 Re6 29. Rfd1 Qc4 30. Rxe6 Qxe6 31. Qc7 b5 32. b3 1-0

[Event "Kiev-ch"]
[Site "Kiev"]
[Date "2009.01.27"]
[Round "9"]
[White "Kernazhitsky, Leonid"]
[Black "Malienko, Alexander"]
[Result "1-0"]
[WhiteElo "2339"]
[BlackElo "2189"]
[PlyCount "123"]
[EventDate "2009.01.17"]
[EventType "swiss"]
[EventRounds "11"]
[EventCountry "UKR"]
[SourceTitle "CBM 128 Extra"]
[Source "ChessBase"]
[SourceDate "2009.03.05"]
[SourceVersion "2"]
[SourceVersionDate "2009.03.25"]
[SourceQuality "1"]

1. e4 e5 2. Nf3 Nc6 3. Bb5 f5 4. d3 fxe4 5. dxe4 Nf6 6. 0-0 Bc5 7. Qd3 d6 8. Qc4 Qe7 9. b4 Be6 10. Bxc6+ bxc6 11. Qa6 Bb6 12. a4 0-0 13. a5 Bd4 14. Nxd4 exd4 15. Qd3 Qf7 16. Qxd4 c5 17. bxc5 dxc5 18. Qa4 Bc4 19. Re1 Nxe4 20. f3 Nd6 21. Be3 Qd5 22. Nc3 Qe5 23. Qa3 Rae8 24. Bf2 Qf6 25. Bxc5 Qh4 26. Bf2 Qg5 27. Qc5 Qxc5 28. Bxc5 a6 29. Rxe8 Rxe8 30. Bxd6 cxd6 31. Kf2 Re5 32. f4 Rc5 33. Ke3 Be6 34. Kd2 Bf5 35. Ra2 h5 36. g3 Kf7 37. Ne2 Rd5+ 38. Ke3 Be6 39. Ra1 Rc5 40. Nd4 Bd7 41. Kd3 Kf6 42. c4 Be8 43. Nb3 Rc8 44. Nd2 Bg6+ 45. Kd4 Re8 46. Nf3 Re2 47. Re1 Ra2 48. Ng5 Bf5 49. Kd5 Rxa5+ 50. Kxd6 Ra2 51. Nf3 a5 52. c5 a4 53. c6 Rf2 54. Nd4 Rd2 55. Kc5 Bh3 56. c7 Bd7 57. Re8 Rd1 58. Rd8 Rc1+ 59. Kd6 Bg4 60. Rf8+ Kg6 61. f5+ Bxf5 62. Rxf5 1-0

[Event "Kiev-ch"]
[Site "Kiev"]
[Date "2009.01.23"]
[Round "5"]
[White "Malienko, Alexander"]
[Black "Golubka, Petr"]
[Result "0-1"]
[WhiteElo "2189"]
[BlackElo "2326"]
[PlyCount "90"]
[EventDate "2009.01.17"]
[EventType "swiss"]
[EventRounds "11"]
[EventCountry "UKR"]
[SourceTitle "CBM 128 Extra"]
[Source "ChessBase"]
[SourceDate "2009.03.05"]
[SourceVersion "2"]
[SourceVersionDate "2009.03.25"]
[SourceQuality "1"]

1. e4 e5 2. Nf3 Nc6 3. d4 exd4 4. Nxd4 Nf6 5. Nxc6 bxc6 6. e5 Qe7 7. Qe2 Nd5 8. c4 Ba6 9. g3 0-0-0 10. b3 g5 11. Bg2 Bg7 12. Bb2 Nb4 13. 0-0 Rhe8 14. Qd2 Bb7 15. a3 Na6 16. b4 Bxe5 17. Bxe5 Qxe5 18. Nc3 c5 19. Rfe1 Qd4 20. Qxd4 cxd4 21. Bxb7+ Kxb7 22. Ne4 h6 23. b5 Nb8 24. Nc5+ Kb6 25. Nb3 c5 26. Reb1 d6 27. a4 Nd7 28. a5+ Kb7 29. a6+ Kb6 30. Kf1 Ne5 31. Nd2 g4 32. Ra3 f6 33. Re1 d5 34. cxd5 Rxd5 35. f4 gxf3 36. h3 c4 37. Nxf3 c3 38. Ra4 d3 39. Rf4 Nxf3 40. Rxf6+ Kxb5 41. Rxe8 d2 42. Rb8+ Ka5 43. Rb1 d1Q+ 44. Rxd1 Rxd1+ 45. Ke2 c2 0-1

[Event "Kiev-ch"]
[Site "Kiev"]
[Date "2009.01.18"]
[Round "2"]
[White "Zsiltzova Lisenko, Lubov"]
[Black "Malienko, Alexander"]
[Result "1-0"]
[WhiteElo "2293"]
[BlackElo "2189"]
[PlyCount "149"]
[EventDate "2009.01.17"]
[EventType "swiss"]
[EventRounds "11"]
[EventCountry "UKR"]
[SourceTitle "CBM 128 Extra"]
[Source "ChessBase"]
[SourceDate "2009.03.05"]
[SourceVersion "2"]
[SourceVersionDate "2009.03.25"]
[SourceQuality "1"]

1. e4 e5 2. Nf3 Nc6 3. Bb5 f5 4. d3 fxe4 5. dxe4 Nf6 6. Nc3 Bc5 7. Bg5 d6 8. Bc4 Bg4 9. h3 Bh5 10. g4 Bf7 11. Bxf7+ Kxf7 12. Qd3 Qe8 13. 0-0-0 Nb4 14. Qc4+ Qe6 15. Nxe5+ dxe5 16. Qxc5 Nxa2+ 17. Nxa2 Qxa2 18. Bxf6 Kxf6 19. g5+ Kg6 20. Qxe5 Qa1+ 21. Kd2 Rad8+ 22. Ke2 Qa6+ 23. Rd3 Rhf8 24. h4 Qc4 25. h5+ Kf7 26. Kd2 Rfe8 27. Qf5+ Kg8 28. g6 Rf8 29. Rxd8 Rxd8+ 30. Kc1 Qa2 31. Qf7+ Qxf7 32. gxf7+ Kxf7 33. f4 Rd4 34. Re1 Kf6 35. Re3 g5 36. hxg6 Kxg6 37. c3 Rd7 38. Rg3+ Kf6 39. Rg5 h6 40. e5+ Kf7 41. Rf5+ Kg7 42. Rh5 Kg6 43. Rh4 h5 44. Kc2 a5 45. Kb3 Rd2 46. e6 Re2 47. f5+ Kg5 48. Rh1 h4 49. Rf1 Kf6 50. Rf3 Re4 51. Kc2 Rg4 52. Kb3 Rg3 53. Rf4 h3 54. Rh4 Re3 55. Rh7 Kxf5 56. e7 Kg4 57. Kc4 Kg3 58. Kd4 Re1 59. Rg7+ Kf2 60. Rf7+ Kg2 61. Rg7+ Kh2 62. Kc4 Kh1 63. Kb5 Re5+ 64. Ka4 h2 65. c4 b6 66. c5 bxc5 67. Kxa5 Re2 68. b3 Re3 69. Ka6 Re1 70. Kb5 c6+ 71. Kxc5 Rg1 72. e8Q Rxg7 73. Qe4+ Kg1 74. Qd4+ Kf1 75. Qxg7 1-0

[Event "Kiev-ch"]
[Site "Kiev"]
[Date "2008.01.27"]
[Round "7"]
[White "Zakharchenko, Arnold"]
[Black "Malienko, Alexander"]
[Result "1-0"]
[WhiteElo "2309"]
[BlackElo "2209"]
[PlyCount "67"]
[EventDate "2008.01.19"]
[EventType "swiss"]
[EventRounds "11"]
[EventCountry "UKR"]
[SourceTitle "CBM 122 Extra"]
[Source "ChessBase"]
[SourceDate "2008.03.04"]
[SourceVersion "1"]
[SourceVersionDate "2008.03.04"]
[SourceQuality "1"]

1. d4 Nf6 2. c4 e6 3. Nf3 c5 4. d5 b5 5. dxe6 fxe6 6. cxb5 d5 7. e3 Bd6 8. Nc3 Bb7 9. Be2 0-0 10. e4 Nbd7 11. exd5 exd5 12. 0-0 d4 13. Ng5 Qb8 14. Bc4+ Kh8 15. Ne2 Bxh2+ 16. Kh1 Ne5 17. Be6 h6 18. f4 hxg5 19. Kxh2 Qd6 20. Qb3 Neg4+ 21. Kg3 d3 22. Bxg4 Ne4+ 23. Kh2 Qh6+ 24. Kg1 dxe2 25. Bxe2 gxf4 26. Rf3 c4 27. Qxc4 Nd6 28. Rxf4 Rfc8 29. Qd4 Nf5 30. Rxf5 Rxc1+ 31. Rxc1 Qxc1+ 32. Kf2 Rc8 33. Rf7 Qg5 34. Rxb7 1-0